Democracia, comunidad y desarrollo /

Guardado en:
Autor Principal: Maddick, Henry
Formato: Libro
Publicado: Buenos Aires : Troquel, 1966
Materias:
Etiquetas: Agregar Etiqueta
Sin Etiquetas, Sea el primero en etiquetar este registro!
LEADER 00456nam a22001695a 4500
001 CEM.cems004060
005 20060216000000.0
008 130507s1966##################000#0#####d
003 CEMS
082 0 4 |a 321.4 
100 1 |a Maddick, Henry 
245 1 0 |a Democracia, comunidad y desarrollo / 
260 |a Buenos Aires :  |b Troquel,  |c 1966 
300 |a 344 p. 
653 |a Democracia 
653 |a Desarrollo 
859 |a CEMS  |b BIB. CEMS - 11 de abril  |h 321.4  |i M264  |p 4950.76  |t Ej.1